Responses for Show #1870 - Friday, October 23, 1992

Game entered from audiorecording. Missing prizes.

Contestants

[<< previous game]

Maureen Sheridan, a system support manager from Rockaway, New Jersey

Sean Clarkin, an advertising executive from New York City, New York

Janet Goutiere, a programmer originally from Lodi, New Jersey (whose 2-day cash winnings total $30,601)

[next game >>]

Jeopardy! Round responses

LAW
U.S. GEOGRAPHY
CARD GAMES
MUSICAL TERMS
RECIPES
BY GEORGE
    $100 11
an objection

Maureen
    $100 1
Death Valley

Janet
    $100 16
bridge

Maureen
    $100 26
a reed

Maureen
    $100 6
to poach

Maureen
    $100 21
George Rogers Clark

Sean
    $200 12
Napoleonic Code (or civil law)

Maureen
    $200 2
the Potomac

Janet
    $200 17
solitaire

Janet
    $200 27
a chorus

Maureen
    $200 7
how do you make coleslaw

Maureen
    $200 22
(Maureen: Who is Foster?)

George Gershwin

JanetMaureen
    $300 13
(Janet: What is treason?)
...
(Alex: Treason brings up an interesting concept when you think of it in relation to marriage.)
[Laughter]

desertion

JanetMaureen
    $300 3
the Bonneville Salt Flats

Janet
    $300 18
10

Sean
    $300 28
the signature

Sean
    $300 8
fondue

Maureen
    $300 23
George VI

Sean
    $400 14
prima facie

Sean
    $400 4
Jacksonville

Maureen
    $400 19
a casino

Sean
    $400 29
(Maureen: What is the hand?)
(Alex: Be more specific.)

the left hand

Maureen
    $400 9
lasagna

Sean
    $400 24
George Eliot & George Sand

Maureen
    $500 15
an affidavit

Triple Stumper
    $500 5
(Alex: The lady's in Rockaway, New Jersey, you would be expected to know that, and you did.)

Staten Island

Maureen
    $500 20
canasta

Triple Stumper
    $500 30
Allegro

Triple Stumper
    $500 10
rumaki

Triple Stumper
    $500 25
Lloyd George

Janet

Scores at the first commercial break (after clue 13):

Janet Sean Maureen
$300 $400 $2,100

Scores at the end of the Jeopardy! Round:

Janet Sean Maureen
$1,200 $2,200 $3,100

Double Jeopardy! Round responses

PAKISTAN
INVENTORS
THE BIBLE
ROCKS & MINERALS
THE UNITED NATIONS
LITERARY ALLUSIONS
    $200 21
(Maureen: What is Bangladesh?)

India

SeanMaureen
    $200 13
Eiffel

Sean
    $200 24
Moses

Maureen
    $200 8
flint

Maureen
    $200 6
U Thant

Maureen
    $200 1
Friday

Maureen
    $400 22
(Sean: What is polo?)

cricket

SeanMaureen
    $400 14
(Maureen: Who is Singer?)

(Elias) Howe

JanetMaureen
    $400 25
Noah

Maureen
    $400 9
slate

Janet
    $400 7
the United Arab Republic

Sean
    $400 2
(Lewis) Carroll

Maureen
    $600 23
Afghanistan

Maureen
    $600 15
linoleum

Sean
    $600 26
(Sean: Who was Lot?)

Abraham

Sean
Triple Stumper
    $600 10
marble

Maureen
    $2,000 18
Henry Cabot Lodge

Sean
    $600 3
James Hilton

Sean
    $800 29
(Janet: What is rice?)

wheat

Janet
Triple Stumper
    $800 16
Marconi

Sean
    $800 27
the third day

Triple Stumper
    $800 11
meerschaum

Janet
    $800 19
Yalta

Maureen
    $800 4
Tristram Shandy

Sean
    $1000 30
(Janet: What is Hindi?)

Urdu

Janet
Triple Stumper
    $1000 17
Gail Borden

Triple Stumper
    $1,500 28
Proverbs

Maureen
    $1000 12
pumice

Sean
    $1000 20
the UN Secretariat

Sean
    $1000 5
Spenser

Maureen

Scores at the end of the Double Jeopardy! Round:

Janet Sean Maureen
$1,000 $8,800 $9,000

[wagering suggestions for these scores]

Final Jeopardy! Round responses

BUSINESS BIGGIES
JanetWhat is Nestle?
$1,000
SeanWhat is Nestle?
$8,800
MaureenWhat is Nestle?
$8,601
Nestle

Final scores:

Janet Sean Maureen
$2,000 $17,600 $17,601
3rd place 2nd place New champion: $17,601

Game dynamics:

Coryat scores:

Janet Sean Maureen
$1,000 $7,400 $8,500
9 R,
3 W
17 R
(including 1 DD),
2 W
25 R
(including 2 DDs),
3 W

Combined Coryat: $16,900

[game clues] [game scores] [suggest correction]

Game tape date: 1992-08-17
The J! Archive is created by fans, for fans. Scraping, republication, monetization, and malicious use prohibited; this site may use cookies and collect identifying information. See terms. The Jeopardy! game show and all elements thereof, including but not limited to copyright and trademark thereto, are the property of Jeopardy Productions, Inc. and are protected under law. This website is not affiliated with, sponsored by, or operated by Jeopardy Productions, Inc. Join the discussion at JBoard.tv.